Managing mobile home parks
| Main Author: | |
|---|---|
| Format: | Book |
| Published: |
Chicago :
IREM ,
1991
|
| Subjects: |
MARC
| LEADER | 00000cam a2200000 7i4500 | ||
|---|---|---|---|
| 001 | 0000001499 | ||
| 005 | 20050617.0 | ||
| 020 | |a 0944298575 | ||
| 040 | |a INS | ||
| 090 | 0 | 0 | |a TX1105. |b P36 1991 |
| 100 | 1 | |a Pappas, Stephen G. | |
| 245 | 1 | 0 | |a Managing mobile home parks |c Stephen G. Pappas |
| 260 | |a Chicago : |b IREM , |c 1991 | ||
| 300 | |a 191p. | ||
| 650 | 0 | 0 | |a Mobile home parks |x management |
| 999 | |a 0000007050 |b BOOK |c Open Shelf |e Default branch | ||
| 999 | |a 0000007051 |b BOOK |c Open Shelf |e Default branch | ||